[Event "Oslo Chess International - Håvard Vederhus' memorial"]
[Site "Ullevaal Stadion"]
[Date "2013.09.29"]
[Round "4"]
[White "Sajjadi, Kimiya"]
[Black "Huse, Sigurd Kjelsbøl"]
[Result "0-1"]
[WhiteElo "1465"]
[BlackElo "1753"]
[PlyCount "64"]
[EventDate "2013.??.??"]

1. e4 e5 2. Nf3 Nf6 3. Nxe5 d6 4. Nf3 Nxe4 5. Bc4 Be7 6. d3 Nf6 7. O-O O-O 8.
Be3 Nc6 9. c3 d5 10. Bb3 Bg4 11. h3 Bh5 12. g4 Bg6 13. Nh4 Bd6 14. Nxg6 fxg6
15. g5 Nh5 16. Bxd5+ Kh8 17. Bxc6 bxc6 18. Qg4 Bf4 19. d4 Qd6 20. Nd2 Rf5 21.
Nc4 Qd5 22. Bxf4 Rxf4 23. Qe2 Rh4 24. Ne5 Rxh3 25. f3 Ng3 26. Qg2 Rh1+ 27. Kf2
Rxf1+ 28. Rxf1 Nxf1 29. Qh3 Kg8 30. Kxf1 Rd8 31. c4 Qd6 32. Qg4 c5
0-1

[Event "Oslo Chess International - Håvard Vederhus' memorial"]
[Site "Ullevaal Stadion"]
[Date "2013.09.29"]
[Round "4"]
[White "Sjøberg, Isak"]
[Black "Bue, Gunnar"]
[Result "0-1"]
[WhiteElo "1100"]
[BlackElo "1728"]
[PlyCount "78"]
[EventDate "2013.??.??"]

1. e4 c5 2. Nf3 e6 3. c3 a6 4. d4 cxd4 5. cxd4 d6 6. Nc3 b5 7. a3 Bb7 8. Bd3
Nf6 9. Bg5 Be7 10. O-O O-O 11. Re1 Nc6 12. Qe2 h6 13. Bh4 Rc8 14. d5 Ne5 15.
Nxe5 dxe5 16. h3 Nxd5 17. exd5 Bxh4 18. Qxe5 exd5 19. Qf5 g6 20. Qg4 Bf6 21. f4
Bxc3 22. bxc3 Rxc3 23. Bxg6 Qb6+ 24. Kh1 Qxg6 25. Qxg6+ fxg6 26. Re7 Bc8 27.
Rd1 Rc5 28. Rf1 d4 29. g4 d3 30. Rd1 Rd8 31. Kh2 d2 32. Re2 Rcd5 33. Kg3 Rd3+
34. Kh4 Bb7 35. Rf2 Bf3 36. Rdxd2 Rxd2 37. Rxf3 R8d3 38. Rf1 Rh2 39. g5 Rhxh3+
0-1

[Event "Oslo Chess International - Håvard Vederhus' memorial"]
[Site "Ullevaal Stadion"]
[Date "2013.09.29"]
[Round "4"]
[White "Machlik, Endre"]
[Black "Endresen, Ola Torstein"]
[Result "1-0"]
[WhiteElo "1692"]
[BlackElo "1485"]
[PlyCount "71"]
[EventDate "2013.??.??"]

1. d4 d5 2. c4 e6 3. Nc3 Nf6 4. Bg5 Nbd7 5. Nf3 c6 6. e3 Qa5 7. Nd2 Bb4 8. Qc2
O-O 9. a3 Ne4 10. Ncxe4 dxe4 11. c5 Bxd2+ 12. Qxd2 Qxd2+ 13. Kxd2 h6 14. Be7
Re8 15. Bd6 e5 16. b4 exd4 17. exd4 Nf6 18. Bc4 Be6 19. Bxe6 Rxe6 20. Rhe1 Rae8
21. Kc2 Nd5 22. Re2 Rg6 23. g3 Rge6 24. Rb1 a6 25. a4 g5 26. Be5 f6 27. Bd6 Kf7
28. b5 a5 29. bxc6 Nb4+ 30. Rxb4 axb4 31. cxb7 Rxd6 32. cxd6 Rb8 33. Rxe4 Rxb7
34. Re7+ Rxe7 35. dxe7 Kxe7 36. Kb3
1-0

[Event "Oslo Chess International - Håvard Vederhus' memorial"]
[Site "Ullevaal Stadion"]
[Date "2013.09.29"]
[Round "4"]
[White "Keadana, Amir"]
[Black "Grønn, Embla Eikeland"]
[Result "1-0"]
[WhiteElo "1662"]
[BlackElo "847"]
[PlyCount "57"]
[EventDate "2013.??.??"]

1. e4 c6 2. d4 d5 3. exd5 cxd5 4. Bd3 Nc6 5. c3 Nf6 6. Nf3 Bg4 7. O-O e5 8.
dxe5 Nxe5 9. Re1 Qd6 10. Qe2 Nfd7 11. h3 Bxf3 12. Qxf3 Be7 13. Qg3 Qf6 14. Bb5
Nc6 15. Bg5 Qg6 16. Bxc6 bxc6 17. Rxe7+ Kf8 18. Rxd7 Re8 19. Rd8 Rxd8 20. Bxd8
Qe6 21. Nd2 Qd7 22. Qc7 Qe6 23. Nf3 g6 24. Re1 Qf5 25. Re8+ Kg7 26. Rxh8 Kxh8
27. Qe5+ Qxe5 28. Nxe5 Kg7 29. Nxc6
1-0

[Event "Oslo Chess International - Håvard Vederhus' memorial"]
[Site "Ullevaal Stadion"]
[Date "2013.09.29"]
[Round "4"]
[White "Wærstad, Leif E"]
[Black "Suntharalingam, Jarani"]
[Result "0-1"]
[WhiteElo "1538"]
[BlackElo "1646"]
[PlyCount "78"]
[EventDate "2013.??.??"]

1. Nf3 e6 2. c4 Nf6 3. g3 b6 4. Bg2 Bb7 5. Nc3 c5 6. O-O Be7 7. d3 h6 8. b3 Nc6
9. Bb2 Rc8 10. e3 O-O 11. Qe2 Re8 12. Rfd1 Ba8 13. d4 Qc7 14. Nb5 Qb8 15. dxc5
bxc5 16. Rab1 Rcd8 17. Nc3 a6 18. Qf1 Nh7 19. Rd2 Ng5 20. Nxg5 Bxg5 21. Rbd1 d6
22. Ne4 Be7 23. f4 Nb4 24. a3 Nc6 25. Qd3 Na5 26. Qc3 f6 27. Qxa5 Qxb3 28. Qxa6
Bxe4 29. Bxe4 Qxe3+ 30. Kf1 Qxe4 31. Kf2 Qa8 32. Qxa8 Rxa8 33. Ra1 Ra6 34. Kf3
Rb8 35. Rc2 h5 36. h3 Rb3+ 37. Kf2 Kf7 38. g4 Rxh3 39. gxh5 Rh2+
0-1

[Event "Oslo Chess International - Håvard Vederhus' memorial"]
[Site "Ullevaal Stadion"]
[Date "2013.09.29"]
[Round "4"]
[White "Bø, Torgeir H"]
[Black "Aure, Anders Nilsson"]
[Result "1-0"]
[WhiteElo "1369"]
[BlackElo "1622"]
[PlyCount "63"]
[EventDate "2013.??.??"]

1. e4 c5 2. Nc3 e6 3. Bb5 a6 4. Bc4 Nc6 5. f4 b5 6. Be2 d6 7. Nf3 Nf6 8. d3 Be7
9. O-O O-O 10. Ng5 Nd4 11. Qe1 Nxc2 12. Qh4 Nxa1 13. e5 h6 14. exf6 Bxf6 15.
Nce4 hxg5 16. fxg5 Bd4+ 17. Kh1 f5 18. Qh5 g6 19. Qxg6+ Bg7 20. Rf3 fxe4 21.
Rh3 Rf2 22. Qh7+ Kf8 23. Qxe4 Bd7 24. g6 Kg8 25. Bd2 Qf8 26. Kg1 Bd4 27. Be3
Rxe2 28. Bxd4 cxd4 29. Qxe2 Qf5 30. Qd2 Rf8 31. Rh8+ Kg7 32. Qh6+
1-0

[Event "Oslo Chess International - Håvard Vederhus' memorial"]
[Site "Ullevaal Stadion"]
[Date "2013.09.29"]
[Round "5"]
[White "Gonzàlez, Francisco Silva"]
[Black "Dulman, Egmond-Gabriel"]
[Result "1-0"]
[WhiteElo "2071"]
[BlackElo "2077"]
[PlyCount "67"]
[EventDate "2013.??.??"]

1. d4 Nf6 2. c4 e6 3. Nc3 Bb4 4. Qc2 O-O 5. a3 Bxc3+ 6. Qxc3 b6 7. Bg5 h6 8.
Bh4 Bb7 9. f3 d5 10. e3 Nbd7 11. cxd5 exd5 12. Bd3 Re8 13. Ne2 Qe7 14. Bf2 c5
15. O-O Rac8 16. Qd2 Nf8 17. Rfe1 Ng6 18. Bf5 Rc6 19. Bd3 a6 20. b4 c4 21. Bc2
Rcc8 22. Ng3 Qd8 23. Qd1 Rc7 24. e4 dxe4 25. fxe4 Bc8 26. h3 Nf4 27. Qf3 Ne6
28. Qc3 Ng5 29. d5 Nd7 30. e5 Bb7 31. Rad1 Rc8 32. Nf5 b5 33. h4 Nh7 34. Qg3
1-0

[Event "Oslo Chess International - Håvard Vederhus' memorial"]
[Site "Ullevaal Stadion"]
[Date "2013.09.29"]
[Round "5"]
[White "Bue, Gunnar"]
[Black "Bryn, Askild"]
[Result "0-1"]
[WhiteElo "1728"]
[BlackElo "2064"]
[PlyCount "70"]
[EventDate "2013.??.??"]

1. d4 g6 2. c4 Bg7 3. Nc3 d6 4. e4 Nd7 5. f3 e5 6. d5 Ne7 7. Bd3 O-O 8. Be3 f5
9. Qd2 f4 10. Bf2 Nf6 11. Nge2 c5 12. O-O-O Bd7 13. Kb1 a6 14. g4 Qa5 15. h4
Rfb8 16. Nc1 b5 17. Nb3 Qd8 18. h5 g5 19. h6 Bf8 20. Rh2 Nc8 21. Ne2 bxc4 22.
Bxc4 Nb6 23. Rc1 Nxc4 24. Rxc4 a5 25. Rc2 Ba4 26. Nec1 Rb4 27. Nd3 Rb7 28. Ndc1
Qb6 29. Be1 Qa6 30. Qe2 Bb5 31. Qd2 a4 32. Na1 Nd7 33. a3 Nb6 34. Qd1 Nc4 35.
Rxc4 Bxc4
0-1

[Event "Oslo Chess International - Håvard Vederhus' memorial"]
[Site "Ullevaal Stadion"]
[Date "2013.09.29"]
[Round "5"]
[White "Moseng, Geir"]
[Black "Andersen, Dag"]
[Result "1-0"]
[WhiteElo "2052"]
[BlackElo "1852"]
[PlyCount "69"]
[EventDate "2013.??.??"]

1. d4 Nf6 2. c4 e6 3. Nc3 Bb4 4. f3 d5 5. a3 Bxc3+ 6. bxc3 h6 7. cxd5 exd5 8.
e3 O-O 9. Bd3 Re8 10. Ne2 b6 11. O-O c5 12. Ng3 Nc6 13. Ra2 Be6 14. Re2 Rc8 15.
Ree1 c4 16. Bb1 Ne7 17. e4 Kh8 18. e5 Nfg8 19. f4 g6 20. f5 gxf5 21. Nxf5 Nxf5
22. Bxf5 Bxf5 23. Rxf5 Re7 24. Qh5 Qf8 25. Ref1 Rcc7 26. Bg5 Re6 27. Rxf7 Rxf7
28. Rxf7 Qxa3 29. Rf1 Qxc3 30. Bf6+ Nxf6 31. Qxh6+ Kg8 32. Qg6+ Kf8 33. exf6
Qxd4+ 34. Kh1 Qe4 35. Qg7+
1-0

[Event "Oslo Chess International - Håvard Vederhus' memorial"]
[Site "Ullevaal Stadion"]
[Date "2013.09.29"]
[Round "5"]
[White "Kjølberg, Jens Hjorth"]
[Black "Harstad, Christian"]
[Result "1-0"]
[WhiteElo "2031"]
[BlackElo "1917"]
[PlyCount "91"]
[EventDate "2013.??.??"]

1. e4 e5 2. Nf3 Nc6 3. Bb5 a6 4. Ba4 Nf6 5. O-O Be7 6. d3 b5 7. Bb3 O-O 8. a4
b4 9. Re1 d6 10. a5 Rb8 11. Nbd2 Be6 12. h3 Bxb3 13. Nxb3 d5 14. Bg5 d4 15.
Bxf6 Bxf6 16. Nbd2 Qd6 17. Nc4 Qc5 18. Nfd2 Rb5 19. Nb3 Qe7 20. Ncd2 g6 21. Nf1
Bh4 22. Qe2 Bg5 23. Nh2 Bh6 24. Nf3 Bg7 25. Kh1 Nd8 26. g3 Nb7 27. Nfd2 Nd6 28.
Nc4 Nxc4 29. dxc4 Rbb8 30. Kg2 c5 31. Nc1 f5 32. Nd3 f4 33. gxf4 exf4 34. Qf3
b3 35. cxb3 Rxb3 36. Ra3 Rxa3 37. bxa3 Qg5+ 38. Kh2 Qd8 39. e5 Qxa5 40. Qd5+
Kh8 41. e6 f3 42. e7 Qc7+ 43. Kg1 Re8 44. Qxf3 h6 45. Qf7 Qc6 46. Nf4
1-0

[Event "Oslo Chess International - Håvard Vederhus' memorial"]
[Site "Ullevaal Stadion"]
[Date "2013.09.29"]
[Round "5"]
[White "Torgersen, Terje"]
[Black "Grønn, Eskil Ekeland"]
[Result "1-0"]
[WhiteElo "1977"]
[BlackElo "1866"]
[PlyCount "79"]
[EventDate "2013.??.??"]

1. e4 c5 2. d4 g6 3. dxc5 Bg7 4. Nc3 Qa5 5. Bd2 Qxc5 6. Nd5 Na6 7. Be3 Qa5+ 8.
b4 Qd8 9. Bxa6 bxa6 10. Bd4 e5 11. Be3 h6 12. Ne2 Ne7 13. Nxe7 Qxe7 14. Bc5 Qe6
15. Qd6 Qxd6 16. Bxd6 Bb7 17. f3 Rc8 18. O-O-O f6 19. Kb2 Bf8 20. Kb3 Bxd6 21.
Rxd6 Rc6 22. Rxc6 Bxc6 23. c4 Ke7 24. Nc3 Rc8 25. Re1 Ke6 26. a4 f5 27. b5 axb5
28. axb5 Rb8 29. Ra1 d6 30. Rxa7 Bb7 31. Nd5 f4 32. Nc7+ Kf6 33. Na6 Bxa6 34.
Rxa6 Ke6 35. Kb4 Rc8 36. Rc6 Ra8 37. c5 Ra2 38. Rxd6+ Kf7 39. c6 Rb2+ 40. Ka5
1-0

[Event "Oslo Chess International - Håvard Vederhus' memorial"]
[Site "Ullevaal Stadion"]
[Date "2013.09.29"]
[Round "5"]
[White "Wahlstedt, Mats"]
[Black "Olsen, Ulrik"]
[Result "1-0"]
[WhiteElo "1966"]
[BlackElo "1731"]
[PlyCount "105"]
[EventDate "2013.??.??"]

1. e4 e5 2. Nf3 Nc6 3. Bb5 a6 4. Ba4 Nf6 5. d3 b5 6. Bb3 Be7 7. O-O d6 8. c3
O-O 9. Re1 Na5 10. Bc2 c5 11. Nbd2 Qc7 12. Nf1 Nc6 13. Qe2 Nd8 14. d4 Ne8 15.
dxe5 dxe5 16. Ne3 Bb7 17. Bd2 f6 18. Nf5 g6 19. Nxe7+ Qxe7 20. Rad1 Ne6 21. Bh6
N8g7 22. Qe3 Rfd8 23. Rd2 Rxd2 24. Nxd2 Rd8 25. Nf1 Ne8 26. Ng3 Nd6 27. b3 c4
28. Qc1 Nc5 29. Qa3 Qc7 30. f3 g5 31. h4 Nf7 32. hxg5 fxg5 33. Qc1 Qe7 34. Nf5
Qf6 35. Qa3 Qb6 36. Kf1 Bc8 37. Ne7+ Kh8 38. Rd1 Nd3 39. Bxd3 cxd3 40. Rxd3
Qxh6 41. Rxd8+ Nxd8 42. Nxc8 Qf6 43. Qd6 Qxd6 44. Nxd6 Kg8 45. Ne8 Ne6 46. Nf6+
Kf7 47. Nd7 Ke7 48. Nxe5 Nf4 49. g3 Ne6 50. Nd3 Kd6 51. Ke2 h5 52. f4 gxf4 53.
gxf4
1-0

[Event "Oslo Chess International - Håvard Vederhus' memorial"]
[Site "Ullevaal Stadion"]
[Date "2013.09.29"]
[Round "5"]
[White "Lindblom, Roar"]
[Black "Egeland, Finn"]
[Result "0-1"]
[WhiteElo "1877"]
[BlackElo "1962"]
[PlyCount "64"]
[EventDate "2013.??.??"]

1. d4 d5 2. c4 e6 3. Nc3 Nf6 4. Bg5 Be7 5. e3 O-O 6. Nf3 Nbd7 7. Rc1 b6 8. cxd5
exd5 9. Bd3 Bb7 10. O-O c5 11. Qc2 Ne4 12. Bxe4 dxe4 13. Bxe7 Qxe7 14. Nd2 f5
15. Qb3+ Kh8 16. Ne2 Qf6 17. dxc5 Nxc5 18. Rxc5 bxc5 19. Qxb7 Rfb8 20. Qc7 Qxb2
21. Nf4 Qxd2 22. Qxc5 Qxa2 23. Qxf5 Re8 24. h4 Qa6 25. h5 Qf6 26. Qh3 a5 27.
Rc1 a4 28. Rc7 a3 29. Ng6+ Kg8 30. h6 Qxg6 31. Rxg7+ Qxg7 32. hxg7 a2
0-1

[Event "Oslo Chess International - Håvard Vederhus' memorial"]
[Site "Ullevaal Stadion"]
[Date "2013.09.29"]
[Round "5"]
[White "Machlik, Monika"]
[Black "Rygg, Snorre"]
[Result "1-0"]
[WhiteElo "1947"]
[BlackElo "1844"]
[PlyCount "49"]
[EventDate "2013.??.??"]

1. d4 f5 2. c4 Nf6 3. Nc3 e6 4. Nf3 d5 5. Bf4 c6 6. e3 Be7 7. Qc2 O-O 8. Bd3
Ne4 9. g4 Nxc3 10. Qxc3 Na6 11. a3 c5 12. gxf5 cxd4 13. Nxd4 Bf6 14. fxe6 Bxe6
15. O-O-O Bf7 16. Kb1 Rc8 17. Qc2 g6 18. Rhg1 dxc4 19. Bf5 Qb6 20. h4 Bxd4 21.
Rxd4 Rc6 22. Bd7 Be6 23. Rxg6+ Kf7 24. Rxe6 Rxe6 25. Qxh7+
1-0

[Event "Oslo Chess International - Håvard Vederhus' memorial"]
[Site "Ullevaal Stadion"]
[Date "2013.09.29"]
[Round "5"]
[White "Lien, Kjell Håkon"]
[Black "Andersen, Guttorm"]
[Result "1-0"]
[WhiteElo "1939"]
[BlackElo "1794"]
[PlyCount "55"]
[EventDate "2013.??.??"]

1. e4 e6 2. d4 d5 3. exd5 exd5 4. Nf3 Bd6 5. Bd3 Nf6 6. O-O O-O 7. c4 dxc4 8.
Bxc4 Bg4 9. h3 Bh5 10. Nc3 c6 11. g4 Bg6 12. Ne5 Ne4 13. Nxg6 Nxc3 14. bxc3
hxg6 15. Qc2 Qh4 16. Qxg6 Bc7 17. Kg2 Nd7 18. Bg5 Qh7 19. Qxh7+ Kxh7 20. Rfe1
Bd6 21. Be7 Bxe7 22. Rxe7 Nf6 23. Bxf7 Ne4 24. Re1 Nd6 25. Bb3 Rf6 26. R1e5 b5
27. Rh5+ Rh6 28. Rxh6+
1-0

[Event "Oslo Chess International - Håvard Vederhus' memorial"]
[Site "Ullevaal Stadion"]
[Date "2013.09.29"]
[Round "5"]
[White "Nilsen, Martin"]
[Black "Wibe, Per H."]
[Result "1-0"]
[WhiteElo "1904"]
[BlackElo "1823"]
[PlyCount "45"]
[EventDate "2013.??.??"]

1. e4 c6 2. d4 d6 3. f4 Nf6 4. Nc3 g6 5. Nf3 Bg4 6. Bc4 b5 7. Bd3 b4 8. Ne2 Bg7
9. O-O O-O 10. Qe1 Qb6 11. Qh4 h5 12. Kh1 e6 13. f5 Nh7 14. h3 Bxf3 15. Rxf3
Bf6 16. Qg3 g5 17. e5 dxe5 18. dxe5 h4 19. Qg4 Bxe5 20. f6 Bxf6 21. Rxf6 Nd7
22. Bxg5 Kh8 23. Qxh4
1-0

[Event "Oslo Chess International - Håvard Vederhus' memorial"]
[Site "Ullevaal Stadion"]
[Date "2013.09.29"]
[Round "5"]
[White "Yilmaz, Kazim"]
[Black "Duijker, Bert"]
[Result "1/2-1/2"]
[WhiteElo "1683"]
[BlackElo "1898"]
[PlyCount "66"]
[EventDate "2013.??.??"]

1. e4 g6 2. d4 Bg7 3. Nf3 d6 4. Nc3 a6 5. Be2 b5 6. a3 Bb7 7. O-O Nd7 8. Be3
Rc8 9. Qd2 c5 10. dxc5 Nxc5 11. Bd3 Bxc3 12. Qxc3 Nf6 13. Bxc5 Rxc5 14. Qe1 O-O
15. Qe2 Qc8 16. h3 Nh5 17. Qe3 e5 18. b4 Rc3 19. g4 Nf4 20. Ne1 Kg7 21. Ng2
Nxg2 22. Kxg2 f5 23. f3 fxe4 24. fxe4 Rxf1 25. Rxf1 Rxa3 26. Qg5 Qe8 27. Qf6+
Kg8 28. Qxd6 Rc3 29. Qb6 Qe7 30. Qf6 Rc7 31. Qxe7 Rxe7 32. Rf6 Kg7 33. g5 h6
1/2-1/2

[Event "Oslo Chess International - Håvard Vederhus' memorial"]
[Site "Ullevaal Stadion"]
[Date "2013.09.29"]
[Round "5"]
[White "Opasiak, Dustin Tennessee"]
[Black "Jørgensen, Line Jin"]
[Result "0-1"]
[WhiteElo "1780"]
[BlackElo "1892"]
[PlyCount "66"]
[EventDate "2013.??.??"]

1. e4 e6 2. d4 d5 3. exd5 exd5 4. Bd3 Bd6 5. Qf3 Nf6 6. h3 c6 7. Bg5 Be6 8. Ne2
Nbd7 9. Nf4 Bxf4 10. Bxf4 Qb6 11. Nd2 Qxd4 12. c3 Qb6 13. Rb1 O-O 14. O-O c5
15. b4 c4 16. Bc2 Rfe8 17. Qg3 Qd8 18. Bc7 Qc8 19. Nf3 Nf8 20. Nd4 Ne4 21. Bxe4
dxe4 22. Nb5 a6 23. Be5 Ng6 24. Nc7 Bf5 25. Nxe8 Qxe8 26. Bd4 e3 27. Rb2 e2 28.
Re1 Bd3 29. Rd2 Qe4 30. Qe3 Re8 31. Rdxe2 Bxe2 32. Rxe2 Qb1+ 33. Re1 Qxe1+
0-1

[Event "Oslo Chess International - Håvard Vederhus' memorial"]
[Site "Ullevaal Stadion"]
[Date "2013.09.29"]
[Round "5"]
[White "Johansen, Torbjørn Reidar"]
[Black "Ondo, Shaun"]
[Result "0-1"]
[WhiteElo "1855"]
[BlackElo "1205"]
[PlyCount "68"]
[EventDate "2013.??.??"]

1. e4 e5 2. Nf3 Nc6 3. Bb5 d6 4. d4 exd4 5. Nxd4 Bd7 6. Nc3 Nf6 7. O-O Be7 8.
f4 O-O 9. Nxc6 bxc6 10. Bd3 d5 11. e5 Bc5+ 12. Kh1 Ng4 13. Qf3 Qh4 14. Qg3 Nf2+
15. Rxf2 Qxg3 16. hxg3 Bxf2 17. Kh2 Rab8 18. Nd1 Bb6 19. f5 Rfe8 20. Bf4 Bd4
21. e6 fxe6 22. fxe6 Bxe6 23. Bxc7 Rb7 24. Bf4 Bg4 25. Nc3 Rxb2 26. Na4 Rxc2
27. Bxc2 Bxa1 28. Nc5 Re2 29. Ba4 Bf3 30. Bxc6 Rxg2+ 31. Kh3 Rc2 32. Bd6 Bd4
33. Nb3 Bg2+ 34. Kh2 Be4+
0-1

[Event "Oslo Chess International - Håvard Vederhus' memorial"]
[Site "Ullevaal Stadion"]
[Date "2013.09.29"]
[Round "5"]
[White "Kverndal, Leif"]
[Black "Kalkman - De Koster, Franzke"]
[Result "1-0"]
[WhiteElo "1851"]
[BlackElo "1589"]
[PlyCount "49"]
[EventDate "2013.??.??"]

1. d4 d5 2. Nf3 Nc6 3. g3 Nf6 4. Bg2 e6 5. O-O Be7 6. c4 dxc4 7. Qc2 Nxd4 8.
Nxd4 Qxd4 9. Rd1 Qb6 10. Nd2 a6 11. Nxc4 Qa7 12. Ne5 Bd6 13. Be3 Qb8 14. Nc6
bxc6 15. Qxc6+ Ke7 16. Qxa8 Qxb2 17. Qc6 Qxe2 18. Bc5 Rd8 19. Bxd6+ cxd6 20.
Qc7+ Ke8 21. Rxd6 Rxd6 22. Qxd6 Bd7 23. Rb1 Bb5 24. Bc6+ Nd7 25. Qxd7+
1-0

[Event "Oslo Chess International - Håvard Vederhus' memorial"]
[Site "Ullevaal Stadion"]
[Date "2013.09.29"]
[Round "5"]
[White "Machlik, Edit"]
[Black "Keadana, Amir"]
[Result "1-0"]
[WhiteElo "1820"]
[BlackElo "1662"]
[PlyCount "61"]
[EventDate "2013.??.??"]

1. d4 Nf6 2. c4 g6 3. Nc3 d5 4. cxd5 Nxd5 5. Na4 Bg7 6. e4 Nb6 7. Be3 O-O 8.
Nf3 f5 9. e5 f4 10. Bd2 Bg4 11. Nxb6 axb6 12. Qb3+ Kh8 13. Bc3 Bxf3 14. gxf3
Nc6 15. O-O-O Qd7 16. h4 Na5 17. Bxa5 Rxa5 18. h5 Qc6+ 19. Kb1 gxh5 20. Rh3 Qa4
21. Qxa4 Rxa4 22. b3 Ra5 23. Rxh5 Rd8 24. Bd3 Rxd4 25. Rxh7+ Kg8 26. Rg1 Rxd3
27. Rgxg7+ Kf8 28. Rxe7 Rc5 29. b4 Rc4 30. e6 Rd2 31. Rhf7+
1-0

[Event "Oslo Chess International - Håvard Vederhus' memorial"]
[Site "Ullevaal Stadion"]
[Date "2013.09.29"]
[Round "5"]
[White "Roholdt, Njaal"]
[Black "Bø, Torgeir H"]
[Result "0-1"]
[WhiteElo "1749"]
[BlackElo "1369"]
[PlyCount "52"]
[EventDate "2013.??.??"]

1. e4 e5 2. Nf3 Nc6 3. Bb5 Bc5 4. O-O Nge7 5. c3 d5 6. exd5 Qxd5 7. d4 exd4 8.
cxd4 Bd6 9. Nc3 Qh5 10. d5 O-O 11. dxc6 Bg4 12. Re1 Rad8 13. Bd3 Nxc6 14. Re4
Rfe8 15. Rxe8+ Rxe8 16. Ne4 Bxf3 17. gxf3 Qxh2+ 18. Kf1 Nd4 19. Ng3 Bxg3 20.
Bxh7+ Kxh7 21. Qd3+ Kg8 22. fxg3 Qh1+ 23. Kf2 Qe1+ 24. Kg2 Re2+ 25. Kh3 Qh1+
26. Kg4 f5+
0-1

[Event "Oslo Chess International - Håvard Vederhus' memorial"]
[Site "Ullevaal Stadion"]
[Date "2013.09.29"]
[Round "5"]
[White "Endresen, Ola Torstein"]
[Black "Jacobsen, Trond"]
[Result "1-0"]
[WhiteElo "1485"]
[BlackElo "1642"]
[PlyCount "62"]
[EventDate "2013.??.??"]

1. d4 d5 2. Nc3 e6 3. e4 dxe4 4. Nxe4 Nf6 5. Bg5 Be7 6. Bxf6 Bxf6 7. Nf3 b6 8.
c3 Bb7 9. Bd3 Nd7 10. Qe2 Qe7 11. h4 h6 12. O-O-O O-O-O 13. Ba6 Kb8 14. Bxb7
Kxb7 15. Nxf6 Nxf6 16. Ne5 c6 17. f4 Nd7 18. Nd3 a5 19. Rde1 Qf6 20. g3 Qg6 21.
Qf3 Kc7 22. Re2 Rhf8 23. Rhe1 Ra8 24. Rd1 Qf5 25. Ne5 Nxe5 26. dxe5 Rfd8 27.
Red2 Rd5 28. c4 Rxd2 29. Rxd2 Kb7 30. Rd7+ Ka6 31. Qxc6 Ra7
1-0

[Event "Oslo Chess International - Håvard Vederhus' memorial"]
[Site "Ullevaal Stadion"]
[Date "2013.09.29"]
[Round "5"]
[White "Lie, Terje"]
[Black "Sajjadi, Kimiya"]
[Result "1-0"]
[WhiteElo "1596"]
[BlackElo "1465"]
[PlyCount "89"]
[EventDate "2013.??.??"]

1. d4 f5 2. c4 Nf6 3. Nf3 e6 4. g3 Be7 5. Bg2 d6 6. Nc3 O-O 7. O-O c6 8. Qc2
Nbd7 9. b3 g6 10. Bh6 Re8 11. Rad1 Ng4 12. Bd2 e5 13. dxe5 Ngxe5 14. e4 Nxf3+
15. Bxf3 Ne5 16. Bg2 Rf8 17. f3 fxe4 18. Nxe4 g5 19. Bc3 Qc7 20. Qd2 Nf7 21.
Nf6+ Bxf6 22. Bxf6 Bf5 23. Bxg5 Rfe8 24. Bf4 Re6 25. Rfe1 Rae8 26. Rxe6 Rxe6
27. Re1 Qe7 28. Rxe6 Qxe6 29. Qe3 Qxe3+ 30. Bxe3 a6 31. Bf4 Bb1 32. a3 Ba2 33.
b4 Bxc4 34. Kf2 Kf8 35. Bh3 d5 36. Ke3 Nd8 37. Bh6+ Kg8 38. Bc8 b6 39. h4 c5
40. bxc5 bxc5 41. Bd7 d4+ 42. Kd2 Nb7 43. Bf4 Bb5 44. Be6+ Kg7 45. Bd5
1-0

[Event "Oslo Chess International - Håvard Vederhus' memorial"]
[Site "Ullevaal Stadion"]
[Date "2013.09.29"]
[Round "5"]
[White "Skaslien, Ingrid"]
[Black "Wærstad, Leif E"]
[Result "1/2-1/2"]
[WhiteElo "967"]
[BlackElo "1538"]
[PlyCount "39"]
[EventDate "2013.??.??"]

1. Nf3 d5 2. d4 Nf6 3. Bg5 Nbd7 4. e3 g6 5. Bd3 Bg7 6. O-O O-O 7. Nbd2 c5 8. c3
c4 9. Bc2 Nb6 10. b3 Be6 11. bxc4 dxc4 12. Bxf6 Bxf6 13. Ne4 Bg7 14. Nc5 Qc8
15. Be4 Bd5 16. Bxd5 Nxd5 17. Qe2 b5 18. Qb2 Rb8 19. Qa3 Ra8 20. Rab1
1/2-1/2

[Event "Oslo Chess International - Håvard Vederhus' memorial"]
[Site "Ullevaal Stadion"]
[Date "2013.09.29"]
[Round "5"]
[White "Hjelle, Øyvind"]
[Black "Vederhus, Alf"]
[Result "1-0"]
[WhiteElo "1413"]
[BlackElo "1278"]
[PlyCount "86"]
[EventDate "2013.??.??"]

1. e4 c5 2. Nf3 d6 3. d4 cxd4 4. Qxd4 Nc6 5. Bb5 Bd7 6. Bxc6 Bxc6 7. Nc3 e5 8.
Qd3 Nf6 9. Bg5 Be7 10. Rd1 a6 11. Bxf6 gxf6 12. Nh4 Bd7 13. Nd5 Qa5+ 14. c3 Bb5
15. Qf3 Bd7 16. Nxf6+ Bxf6 17. Qxf6 Rg8 18. O-O Qd8 19. Qxd6 Qe7 20. Qxe7+ Kxe7
21. Rd5 f6 22. g3 Be6 23. Nf5+ Kf8 24. Rd6 Bxf5 25. Rxf6+ Ke7 26. Rxf5 Ke6 27.
Rd1 Rad8 28. Rb1 Rd2 29. Rf3 Re2 30. Re3 Rxe3 31. fxe3 Rg4 32. Kf2 Rxe4 33. Kf3
Ra4 34. a3 h5 35. Rd1 Kf5 36. Rd7 e4+ 37. Kg2 b6 38. Rd5+ Kg6 39. Rd6+ Kf5 40.
Rxb6 Ra5 41. Rd6 Rb5 42. b4 a5 43. c4 Re5
1-0

[Event "Oslo Chess International - Håvard Vederhus' memorial"]
[Site "Ullevaal Stadion"]
[Date "2013.09.29"]
[Round "6"]
[White "Machlik, Monika"]
[Black "Kjølberg, Jens Hjorth"]
[Result "1/2-1/2"]
[WhiteElo "1947"]
[BlackElo "2031"]
[PlyCount "120"]
[EventDate "2013.??.??"]

1. d4 Nf6 2. c4 e6 3. Nc3 Bb4 4. Qc2 O-O 5. a3 Bxc3+ 6. Qxc3 Qe8 7. e3 d6 8.
Nf3 Nbd7 9. Bd3 e5 10. dxe5 dxe5 11. Bc2 b6 12. O-O Bb7 13. Nd2 Qe6 14. b4 Rfe8
15. Bb2 Nf8 16. f3 Ng6 17. Rad1 a5 18. Nb3 axb4 19. axb4 Nh4 20. Nd2 Rad8 21.
Ba4 Bc6 22. Bxc6 Qxc6 23. b5 Qe6 24. Nb3 Ng6 25. Nc1 h6 26. Na2 Rd7 27. Rxd7
Qxd7 28. Nb4 Qe6 29. Nc6 Kh7 30. Qc2 Kg8 31. Rd1 Nd7 32. Ra1 Ne7 33. Nb4 Nc5
34. e4 f6 35. Ra2 Qd6 36. Nd5 Nxd5 37. cxd5 Rb8 38. Ba3 Kf8 39. Bb4 Kg8 40. Ra3
Qd7 41. Qc4 Kh7 42. Rc3 Rb7 43. Bxc5 bxc5 44. Qxc5 Rxb5 45. Qxc7 Rb1+ 46. Kf2
Rb2+ 47. Kg3 Rb7 48. Qxd7 Rxd7 49. f4 exf4+ 50. Kxf4 Kg8 51. Rd3 Re7 52. d6 Rd7
53. e5 Kf7 54. exf6 Kxf6 55. Ke4 Ke6 56. Rg3 Kxd6 57. Kf5 Ra7 58. Kg6 Ke5 59.
Kh7 Kf6 60. Rg6+ Kf5
1/2-1/2

[Event "Oslo Chess International - Håvard Vederhus' memorial"]
[Site "Ullevaal Stadion"]
[Date "2013.09.29"]
[Round "6"]
[White "Dulman, Egmond-Gabriel"]
[Black "Jørgensen, Line Jin"]
[Result "1-0"]
[WhiteElo "2077"]
[BlackElo "1892"]
[PlyCount "121"]
[EventDate "2013.??.??"]

1. d4 d5 2. c4 e6 3. Nc3 Nf6 4. Bg5 Be7 5. e3 h6 6. Bh4 O-O 7. Qc2 b6 8. cxd5
exd5 9. Nf3 Bb7 10. Bd3 Nbd7 11. O-O a6 12. a4 c5 13. Rfd1 c4 14. Bf5 Nh5 15.
Bxe7 Qxe7 16. b3 Nhf6 17. bxc4 dxc4 18. Qe2 g6 19. Bxd7 Qxd7 20. Ne5 Qe6 21. e4
b5 22. axb5 axb5 23. Rab1 Ra5 24. Nxc4 bxc4 25. Rxb7 Ra3 26. Rc1 Qc6 27. Rb4
Qa8 28. Rxc4 Ra1 29. Rxa1 Qxa1+ 30. Qf1 Qb2 31. Na4 Qa2 32. Nc5 Rb8 33. Rc1 Qd2
34. Qd1 Rb2 35. Qxd2 Rxd2 36. d5 Nxd5 37. exd5 Rxd5 38. Ne4 Kg7 39. g3 Rd7 40.
Rc6 Ra7 41. Kg2 Rb7 42. h4 Ra7 43. g4 Re7 44. f3 Ra7 45. g5 hxg5 46. hxg5 Ra8
47. Rc7 Rd8 48. Kg3 Kg8 49. Kf4 Kg7 50. Ke5 Re8+ 51. Kd5 Ra8 52. Ke5 Re8+ 53.
Kf4 Rd8 54. Nc5 Re8 55. Rd7 Kg8 56. Ne4 Ra8 57. Nd6 Ra4+ 58. Kg3 Rd4 59. Rd8+
Kh7 60. Nxf7 Ra4 61. Ne5
1-0